Pakistani Adab 1990 / (Record no. 525690)

000 -LEADER
fixed length control field 00562nam a22001817a 4500
003 - CONTROL NUMBER IDENTIFIER
control field NUST
020 ## - INTERNATIONAL STANDARD BOOK NUMBER
Qualifying information PB/K
038 ## - RECORD CONTENT LICENSOR
Staff Name Faiza
082 ## - DEWEY DECIMAL CLASSIFICATION NUMBER
Classification number 891.43935491
Author Mark RAS
100 ## - MAIN ENTRY--PERSONAL NAME
Personal name Amjid, Rashid
9 (RLIN) 16633
245 ## - TITLE STATEMENT
Title Pakistani Adab 1990 /
Statement of responsibility, etc. Rashid Amjid
260 ## - PUBLICATION, DISTRIBUTION, ETC.
Place of publication, distribution, etc. Islamabad :
Name of publisher, distributor, etc. Academy Adabiat Pakistan,
Date of publication, distribution, etc. 1991.
300 ## - PHYSICAL DESCRIPTION
Extent 583 p. ;
880 ## - ALTERNATE GRAPHIC REPRESENTATION
Linkage 100-01\r
Title رشید امجد
880 ## - ALTERNATE GRAPHIC REPRESENTATION
Linkage 245-02\r
Title پاکستانی ادب ۱۹۹۰ء /
880 ## - ALTERNATE GRAPHIC REPRESENTATION
Linkage 260-03\r
Title اسلام آباد :
b اکادمی ادبیاتِ پاکستان,
c ۱۹۹۱.
942 ## - ADDED ENTRY ELEMENTS (KOHA)
Source of classification or shelving scheme
Koha item type Book
Holdings
Withdrawn status Lost status Source of classification or shelving scheme Damaged status Not for loan Permanent Location Current Location Date acquired Total Checkouts Full call number Barcode Date last seen Price effective from Koha item type
          Central Library (CL) Central Library (CL) 07/04/2019   891.43935491 RAS CL-E-315 07/04/2019 07/04/2019 Book
© 2023 Central Library, National University of Sciences and Technology. All Rights Reserved.